Guess That Conan Gray Song!!! Vol 1 - Statistics

General Stats
  • This quiz has been taken 37 times
    23 since last reset
  • The average score is 299 of 425
Answer Stats
LYRICS % Correct
a
100%
I
100%
the
100%
you
100%
You
100%
that
95%
in
89%
me
89%
me,
89%
me)
89%
me.
89%
one
89%
one,
89%
and
84%
And
84%
I'm
84%
no
84%
No,
84%
of
84%
as
79%
for
79%
know
79%
love
79%
my
79%
not
79%
to
79%
when
79%
why
79%
your
79%
at
74%
like
74%
oh,
74%
So
74%
You're
74%
you're
74%
all
68%
But
68%
but
68%
don't
68%
Don't
68%
never
68%
see
68%
see)
68%
what
68%
always
63%
can
63%
end
63%
feel
63%
girl
63%
got
63%
It's
63%
it's
63%
just
63%
only
63%
up
63%
Baby,
58%
boys
58%
cause
58%
'cause
58%
eyes?
58%
girls
58%
line?
58%
lover
58%
mind
58%
nice?
58%
night
58%
think
58%
(You'll
58%
you'll
58%
can't
53%
(Choose
53%
Choose
53%
come
53%
Crush
53%
day
53%
done
53%
fall
53%
find
53%
front
53%
get
53%
has
53%
have
53%
king?
53%
lie
53%
made
53%
make
53%
really
53%
right
53%
ring
53%
want
53%
way
53%
with
53%
alone
47%
answer's
47%
bothered
47%
chemistry
47%
cliché.
47%
complain
47%
dead
47%
every
47%
explain
47%
fades
47%
fake
47%
fun
47%
heart
47%
Kinda
47%
leave
47%
lifeline
47%
making
47%
nothing
47%
number
47%
obviously
47%
offer
47%
Other
47%
running
47%
shut
47%
supreme
47%
totally
47%
trying
47%
yeah,
47%
you've
47%
along
42%
away,
42%
Babes
42%
Date
42%
everyone
42%
feeling
42%
flirting
42%
getting
42%
gonna
42%
let
42%
Looking
42%
phone
42%
pick
42%
quitter,
42%
sign.
42%
something
42%
talking
42%
throne
42%
who's
42%
give
37%
known
37%
lovers
37%
luck
37%
Playing
37%
coming
32%
that's
32%
No matching quizzes found
Score Distribution
Percent of People with Each Score
Percentile by Number Answered
Your Score History
You have not taken this quiz since the last reset